| 000 | 01843cam a2200217 4500 | ||
|---|---|---|---|
| 001 | L135999 | ||
| 008 | 070102n2006 000 0 eng u | ||
| 035 | _a(Sirsi) u135999 | ||
| 041 | 0 | _aeng | |
| 110 | 1 |
_aUnited Kingdom _bDepartment of Communities and Local Government _96152 |
|
| 245 | 0 | 4 | _aThe application of the Environmental Impact Assessment Directive to 'stalled' reviews of old mineral permissions and periodic reviews of mineral permissions in England - Consultation Paper |
| 260 |
_aLondon _bDCLG _c2006 |
||
| 505 | _aThe problem of 'stalled' reviews of old mineral permissions -- Proposed regulations to apply environmental impact assessment to 'stalled' conditions review applications -- Proposed sanctions applying to all reviews of mineral planning permissions. | ||
| 520 | _aSeeks comments on a proposal to amend the Town and Country Planning (Environmental Impact Assessment) (England and Wales) Regulations 1999 ('EIA Regulations 1999') in relation to England. The proposed amendments would put beyond doubt the application of the provisions of the EIA Regulations 1999 and of the EIA Directive to applications for the review of old minerals permissions submitted before 15 November 2000 but not yet determined. They would provide for the sanction of suspension of operations to apply to sites which are the subject of such applications which remain undetermined. | ||
| 590 | _aKA | ||
| 650 | _aTOWN AND COUNTRY PLANNING (ENVIRONMENTAL IMPACT ASSESSMENT) (ENGLAND AND WALES) REGULATIONS 1999 | ||
| 651 | 4 |
_aEngland and Wales _y1543- |
|
| 690 | _aENVIRONMENTAL AND LAND CONSULTANCY-ENVIRONMENTAL MANAGEMENT-ENVIRONMENTAL ASSESSMENT-ENVIRONMENTAL IMPACT ASSESSMENT | ||
| 856 | 0 | 4 |
_uhttps://www.communities.gov.uk/index.asp?id=1505253 _zView the consultation paper free of charge at www.communities.gov.uk... |
| 942 | _n0 | ||
| 999 |
_c106280 _d106280 |
||